00702nam a2200217Ia 4500003000400000008004100004020002800045040000800073100002000081245004400101260002300145300000800168365001300176440004700189901002100236902003300257903005800290942001200348952010700360999001700467LDD181029s9999 xx 000 0 und d a9781412901512cP 525.00 cLDD aHamilton, Peter 0aVisual research methodscPeter Hamilton aLondonbSagec2006 a4v. bP 525.00 aSage benchmarks in social research methods a3388b27-03-2006 a11179b28-03-2006cFdGBHe0 aDiscount-10bReqst by : Prof. Uma Kanjilal  2ddccBK 00102ddc301-Apr4070976278aLDDbLDDl0o300.72 V829p059607r2018-11-01v41002.50w2018-11-01yBK c76279d76279